| 000 | 00570nam a22002057a 4500 | ||
|---|---|---|---|
| 001 | BD-DhSAU 5457 | ||
| 003 | BD-DhSAU | ||
| 005 | 20150415162336.0 | ||
| 008 | 150415b1966 bg a||||r|||| 001 0 eng d | ||
| 040 | _aBD-DhSAU | ||
| 082 |
_222 _a620.11 _bALS |
||
| 100 | _aAlum, Jahidul. | ||
| 245 |
_aStrength of materials and theory of structures / _cDr. Jahidul Alum. |
||
| 260 |
_aDhaka : _bMrs. Dolly Alum, _cc1966. |
||
| 300 |
_aviii, 277 p. : _bill. ; _c22 cm. |
||
| 504 | _aIncludes index. | ||
| 590 | _ajoy | ||
| 650 | _aEngineering. | ||
| 650 |
_aStrength. _vMaterials. |
||
| 942 |
_2ddc _cBOOK |
||
| 999 |
_c5457 _d5457 |
||